Diseño del sistema de alcantarillado sanitario de la ciudad de Diriamba, departamento de Carazo.

Presenta el diseño del sistema de alcantarillado sanitario de la ciudad de Diriamba, departamento de Carazo mediante la realización de un censo para la determinación de la población existente y la futura a conectarse al sistema de alcantarillado, realización del levantamiento topográfico tanto...

Full description

Bibliographic Details
Main Authors: Plata Membreño, Pavel Rafael, García Leiva, Víctor Manuel, Baltodano Velásquez, Fernando
Other Authors: Tutor: Baltodano Maldonado, José Ángel
Format: Tesis Section = Libro
Language:Undetermined
Spanish
Published: Managua UNI 2008
Subjects:
LEADER 01613nam a2200289Ia 4500
008 240830s9999 xx 000 0 und d
040 |a BIBLIOTECA-RUPAP Mon 628.2 P716 
041 |a spa 
082 |a Mon 628.2 P716 
100 1 |a Plata Membreño, Pavel Rafael 
100 1 |b  García Leiva, Víctor Manuel 
100 1 |c  Baltodano Velásquez, Fernando 
245 1 0 |a Diseño del sistema de alcantarillado sanitario de la ciudad de Diriamba, departamento de Carazo. 
260 |a Managua  |b UNI  |c 2008 
300 |a p. irreg. :il. 
500 |a Contiene: anexos. 
502 |a Tesis (Ingeniero Civil)- UNI, 2008. 
520 3 |a Presenta el diseño del sistema de alcantarillado sanitario de la ciudad de Diriamba, departamento de Carazo mediante la realización de un censo para la determinación de la población existente y la futura a conectarse al sistema de alcantarillado, realización del levantamiento topográfico tanto altimétrico como planimétrico de la ciudad para la adecuación del diseño a las pendientes naturales de la ciudad, determinación de los caudales actuales y futuros de las agua residuales , proponer alternativas de diseño de red de recolección y la estimación de costos del sistema de alcantarillado sanitario de Diriamba. 
650 7 |a ALCANTARILLADO SANITARIO - DISEÑO 
650 7 |b AGUA POTABLE 
650 7 |c COMPOSICION Y CONCENTRACION DE AGUAS RESIDUALES 
650 7 |d SISTEMA DE ALCANTARILLADO 
650 7 |e TRATAMIENTO DE AGUAS RESIDUALES 
700 1 |a Tutor:  |b Baltodano Maldonado, José Ángel 
942 |c BK  |2 ddc 
991 |a TESIS 
999 |c 16334